00308 a2200133 4500260002500000245004200025300001000067260001500077260000900092300002400101130000700125100002400132020001800156 bLandbouwuniversiteit aFlavour release from dried vegetables a227p. aWageningen c1995 bcouv. ill. en coul. lEn aVan RUTH, Saskia M. a90-5485-485-5